[Event "17th Aeroflot Open-A 2019"]
[Site "Moscow"]
[Date "2019.02.26"]
[Round "8.4"]
[White "Chigaev, Maksim"]
[Black "Wei, Yi"]
[Result "1/2-1/2"]
[WhiteElo "2613"]
[BlackElo "2733"]
[Annotator "TA"]
[PlyCount "59"]
[EventDate "2019.02.19"]
[EventCountry "RUS"]
[SourceTitle "playchess.com"]
[Source "ChessBase"]
[SourceQuality "1"]

{[%evp 10,59,24,2,41,35,42,30,42,38,27,18,13,14,22,0,40,39,91,45,62,63,68,73,76,70,78,78,78,77,73,77,76,76,76,75,70,62,79,73,63,37,38,39,28,25,22,16,21,0,0,0]} 1. e4 c5 2. Nc3 Nc6 3. Bb5 Nd4 4. Nf3 g6 5. Ba4 Bg7 6. O-O a6 {[#] Strongly threatening ...b5. B31: Sicilian: 2...Nc6 3 Bb5 g6} (6... Qa5 7. Rb1 a6 8. Nxd4 cxd4 9. b4 Qd8 10. Ne2 b5 11. Bb3 Bb7 12. d3 d5 13. f3 e6 14. Bb2 {0-1 (40) Karjakin,S (2756)-Radjabov,T (2713) Beijing 2013}) 7. Nxd4 cxd4 8. Ne2 e6 {White has an edge.} 9. d3 Ne7 10. Bf4 b5 $146 ({Predecessor:} 10... e5 11. Bg5 f6 {½-½ (39) Lundin,J (2245)-Cramling,P (2513) Vasteras 2015}) 11. Bb3 d5 12. f3 e5 13. Bg5 $36 {[%mdl 2048] White has the initiative.} f6 ({Black should play} 13... dxe4 $14 14. fxe4 O-O) 14. Bd2 Bb7 15. a4 O-O 16. axb5 axb5 17. Bb4 Kh8 18. Rxa8 Bxa8 19. Qa1 Re8 20. Qa6 Qd7 21. Ra1 Bb7 22. Qd6 Qxd6 23. Bxd6 Nc8 24. Bc5 dxe4 25. fxe4 Bf8 $1 {[%cal Rf8c5]} 26. Bxf8 Rxf8 27. c3 dxc3 28. Nxc3 {The position is equal.} Nd6 29. Ra5 Ra8 30. Rxa8+ {Accuracy: White = 78%, Black = 59%.} 1/2-1/2

[Event "17th Aeroflot Open-A 2019"]
[Site "Moscow"]
[Date "2019.02.26"]
[Round "8.5"]
[White "Wang, Hao"]
[Black "Firouzja, Alireza"]
[Result "1-0"]
[WhiteElo "2714"]
[BlackElo "2618"]
[Annotator "TA"]
[PlyCount "71"]
[EventDate "2019.02.19"]
[EventCountry "RUS"]
[SourceTitle "playchess.com"]
[Source "ChessBase"]
[SourceQuality "1"]

{[%evp 25,71,6,41,35,22,0,0,0,40,26,60,47,56,7,10,10,18,14,47,34,111,56,91,89,125,125,129,118,125,129,161,160,137,154,204,193,237,250,417,403,487,484,411,296,614,584,1848,1947]} 1. d4 Nf6 2. c4 g6 3. Nc3 Bg7 4. e4 d6 5. Be2 O-O 6. Bg5 c5 7. d5 e6 8. Nf3 h6 9. Bh4 exd5 10. cxd5 g5 11. Bg3 Nh5 12. Nd2 Nxg3 13. hxg3 f5 14. Nc4 {A72: Modern Benoni: Classical: Lines with Bg5} (14. Qc2 Na6 15. a3 Nc7 16. Bd3 Qe7 17. O-O-O b5 18. exf5 c4 19. Be4 a5 20. Rhe1 Qf6 21. g4 b4 22. Ncb1 Nb5 23. Nxc4 Bd7 24. Rd2 Rfc8 25. Bd3 Nd4 26. Qd1 a4 {0-1 (26) Tabernig,B (2369)-Naroditsky,D (2587) Riga 2014}) 14... Na6 15. exf5 Bxf5 16. O-O {The position is equal.} Nc7 17. Ne3 Bg6 $146 ({Predecessor:} 17... Qd7 18. g4 Bh7 19. Bd3 Bd4 20. Bxh7+ Qxh7 21. Nf5 Rxf5 22. gxf5 Qxf5 {½-½ (28) Andersen,B-Jakobsen,O Vejle 1967}) 18. Bd3 Qf6 19. Qc2 Bxd3 20. Qxd3 h5 21. Ne4 $36 {[%mdl 2048] White has some pressure.} Qd4 22. Rad1 b5 (22... Qxd3 $14 23. Rxd3 b6) 23. Qxd4 ({Of course not} 23. Nxg5 $6 Qxd3 24. Rxd3 Rae8 $11) (23. Nxd6 $16 {And now Qc2 would win.} Qxd3 24. Rxd3) 23... Bxd4 24. Nxd6 Rad8 {[#]} 25. Ndf5 $1 {[%cal Rf5d4]} Bxb2 26. d6 Ne8 27. Rd5 Bd4 28. Nxd4 cxd4 {[#]} 29. Nf5 $1 Nf6 30. Rxb5 ({But not} 30. Rxd4 Rfe8) 30... d3 31. Rd1 Ne4 $2 (31... Kf7 32. f3 (32. Rxd3 Rb8 $18) 32... Rb8) 32. Rxd3 $18 Rfe8 33. f3 Nf6 34. Rb7 Re1+ $2 (34... Rd7) 35. Kf2 Ra1 36. Nh6+ {Accuracy: White = 52%, Black = 26%.} 1-0

[Event "17th Aeroflot Open-A 2019"]
[Site "Moscow"]
[Date "2019.02.26"]
[Round "8.6"]
[White "Inarkiev, Ernesto"]
[Black "Lupulescu, Constantin"]
[Result "1/2-1/2"]
[WhiteElo "2692"]
[BlackElo "2610"]
[Annotator "TA"]
[PlyCount "78"]
[EventDate "2019.02.19"]
[EventCountry "RUS"]
[SourceTitle "playchess.com"]
[Source "ChessBase"]
[SourceQuality "1"]

{[%evp 10,78,6,0,10,8,11,6,12,8,16,6,18,16,16,10,8,13,8,8,12,8,3,8,28,14,29,0,59,46,34,70,73,64,64,67,43,57,42,-15,-16,-16,-16,-16,-16,-17,-15,-16,-15,-16,-16,-20,-20,-20,-18,-34,-31,-163,-154,-133,-8,-8,-8,-8,0,-4,0,-3,0,-4,-1]} 1. e4 e6 2. d4 d5 3. Nc3 Nf6 4. e5 Nfd7 5. f4 c5 6. Nf3 Be7 {C11: French: Classical System: 4 e5 and 4 Bg5 dxe4} 7. Be3 O-O 8. Qd2 a6 9. Nd1 $146 ({Predecessor:} 9. Bd3 b5 10. Qf2 Nc6 11. dxc5 Qa5 12. O-O b4 13. Ne2 Nxc5 14. Nfd4 Nxd4 15. Nxd4 {½-½ (36) Caruana,F (2784)-Bluebaum,M (2631) Karlsruhe/Baden-Baden 2018}) 9... cxd4 10. Nxd4 Nc6 11. c3 Nc5 12. Nf2 Bd7 13. Be2 Nxd4 14. Bxd4 Bb5 15. Bxb5 axb5 16. O-O Ra6 17. Qe3 Qc7 18. Ng4 Rfa8 ({Black should try} 18... Qc6 $11) 19. f5 $1 $14 {[%cal Rf5f6]} exf5 20. Rxf5 Rxa2 21. Raf1 Ra1 22. Rxf7 Ne6 23. Qg3 Qc4 24. Ne3 (24. Nh6+ $14 Kh8 25. Qg4) 24... Rxf1+ $11 25. Rxf1 Nxd4 26. Qf2 $1 {[%cal Rf2f7]} Ne2+ 27. Kh1 {[#]} Qf4 $1 {[%mdl 512] And now ...Qxf2 would win.} 28. Qxe2 (28. Qxf4 Nxf4) 28... Qxe5 {Strongly threatening ...Bd6.} 29. Qd3 Bd6 {[%csl Gd6][%cal Re5h2]} 30. Ng4 Qe4 31. Qxb5 Rf8 32. Kg1 h5 33. Rxf8+ (33. Nf2 $1 $15 Qe6 34. Nh3) 33... Bxf8 $19 34. Nf2 {[#]} Qb1+ ({Black should play} 34... Bc5 $1 $17 {[%mdl 512] ( -> ...Qe1+)} 35. Qf1 (35. Qxc5 Qe1#) 35... Qe3) 35. Qf1 $132 {[%mdl 2048] The position is equal. White is not keeping still} Qxb2 36. Qd1 d4 37. Qxd4 Qb1+ 38. Nd1 Qb5 {...Bc5 is the strong threat.} 39. Ne3 Qc5 {Accuracy: White = 73%, Black = 51%.} 1/2-1/2

[Event "17th Aeroflot Open-A 2019"]
[Site "Moscow"]
[Date "2019.02.26"]
[Round "8.7"]
[White "Korobov, Anton"]
[Black "Deac, Bogdan-Daniel"]
[Result "1/2-1/2"]
[WhiteElo "2687"]
[BlackElo "2603"]
[Annotator "TA"]
[PlyCount "64"]
[EventDate "2019.02.19"]
[EventCountry "RUS"]
[SourceTitle "playchess.com"]
[Source "ChessBase"]
[SourceQuality "1"]

{[%evp 29,64,-6,0,-28,0,7,74,75,68,68,73,67,66,70,75,45,45,5,8,4,7,0,5,5,5,5,5,5,5,5,5,5,5,5,5,0,0]} 1. d4 Nf6 2. c4 g6 3. Nc3 d5 4. cxd5 Nxd5 5. e4 Nxc3 6. bxc3 Bg7 7. Bc4 c5 8. Ne2 Nc6 9. Be3 O-O 10. O-O Bg4 11. f3 Na5 12. Bd3 cxd4 13. cxd4 Be6 14. d5 Bxa1 15. Qxa1 f6 16. h4 {D89: Exchange Grünfeld: Classical Line: 10 Be3 cxd4 11 cxd4 Bg4 12 f3 Na5 13 Bd3} (16. Qd4 Bf7 17. Bh6 Re8 18. Bb5 e5 19. Qf2 Re7 20. f4 exf4 21. Qxf4 Qb6+ 22. Kh1 Bxd5 23. exd5 Qxb5 24. Qxf6 Qe8 25. Qd4 Rf7 26. Rxf7 Qxf7 27. Bd2 b6 28. Bc3 Kf8 29. Nf4 Ke8 30. Qh8+ {½-½ (30) Papenin,N (2649)-Voss,M (2665) ICCF email 2010}) 16... Rc8 17. Bxa7 $146 {Qd4 is the strong threat.} ({Predecessor:} 17. h5 Bf7 18. hxg6 hxg6 19. Rd1 Nc4 20. Bd4 Qd6 21. f4 Be8 22. Rc1 b5 23. Bb1 Bd7 {0-1 (33) Fritsch,G-Perlitz,S Germany 1993}) 17... Nc6 (17... Qd6 $11) 18. dxc6 $16 {White is better.} Qxd3 19. cxb7 Qxe2 20. bxc8=Q Rxc8 21. a4 Qd2 {[#] Strongly threatening ...Rc2.} 22. Rd1 Qa5 23. Be3 Kf7 {The position is equal.} 24. e5 fxe5 25. Bg5 Rc4 {[#] aiming for ...Qa7+.} 26. Re1 Rxa4 27. Qxe5 Qxe5 28. Rxe5 $11 {KRB-KRB} h6 $132 {[%mdl 2048] Black is fighting back} 29. Bxh6 Rxh4 30. Bg5 Rd4 31. Kf2 Rd5 32. Rxd5 Bxd5 {Accuracy: White = 57%, Black = 63%.} 1/2-1/2

[Event "17th Aeroflot Open-A 2019"]
[Site "Moscow"]
[Date "2019.02.26"]
[Round "8.8"]
[White "Zhou, Jianchao"]
[Black "Maghsoodloo, Parham"]
[Result "1/2-1/2"]
[WhiteElo "2615"]
[BlackElo "2666"]
[Annotator "TA"]
[PlyCount "40"]
[EventDate "2019.02.19"]
[EventCountry "RUS"]
[SourceTitle "playchess.com"]
[Source "ChessBase"]
[SourceQuality "1"]

{[%evp 9,40,31,50,0,0,0,0,0,0,0,0,0,0,0,0,0,0,0,0,0,0,0,0,0,0,0,0,0,0,0,0,0,0]} 1. d4 Nf6 2. c4 e6 3. Nc3 Bb4 4. Qc2 b6 {[%cal Bb7b6,Bb6b5,Bb5c4][%mdl 32]} 5. e4 c5 6. a3 {E32: Nimzo-Indian: Classical (4 Qc2): 4...0-0} (6. d5 exd5 7. exd5 Qe7+ 8. Nge2 O-O 9. Bd2 d6 10. O-O-O Ng4 11. Be1 Nd7 12. Ng3 Ndf6 13. h3 Ne5 {1-0 (35) Zhou,J (2597)-Wei,Y (2743) Shenzhen 2017}) 6... Bxc3+ $1 {The position is equal.} 7. bxc3 Bb7 8. Bd3 b5 9. Qb1 cxd4 10. cxd4 {Nf3 is the strong threat.} bxc4 $1 11. Qxb7 cxd3 12. Qxa8 Qb6 $1 {White must now prevent ...0-0.} 13. Ra2 {[#]} O-O $146 {Threatens to win with ...Qb1.} (13... Qb1 $5 14. Ra1 $8 {[%mdl 64] Deflection} Qxa1 15. Qxb8+ Ke7 16. Qb4+ Kd8 $16) ({Predecessor:} 13... Qb1) 14. Rb2 $1 {[%cal Rb2b6]} d2+ $1 {[%mdl 64] [#] Decoy} 15. Kxd2 ({Much worse is} 15. Rxd2 Nc6 $17) 15... Qxd4+ {[%mdl 64] Double Attack} 16. Ke1 Qc3+ {[%mdl 64] Double Attack} 17. Kd1 $1 Qd3+ (17... Nc6 $5 18. Qb7 $8 Nxe4 $11) 18. Ke1 $1 Qc3+ {[%mdl 64] [#] Double Attack} 19. Kd1 $1 Qd3+ 20. Ke1 $1 Qc3+ {[%mdl 64] Double Attack} 1/2-1/2

[Event "17th Aeroflot Open-A 2019"]
[Site "Moscow"]
[Date "2019.02.26"]
[Round "8.9"]
[White "Vaibhav, Suri"]
[Black "Anton Guijarro, David"]
[Result "1/2-1/2"]
[WhiteElo "2575"]
[BlackElo "2642"]
[Annotator "TA"]
[PlyCount "53"]
[EventDate "2019.02.19"]
[EventCountry "RUS"]
[SourceTitle "playchess.com"]
[Source "ChessBase"]
[SourceQuality "1"]

{[%evp 13,53,20,25,10,37,34,46,51,43,58,36,43,47,47,109,54,84,91,85,89,100,81,85,85,85,70,103,88,138,122,133,6,20,0,0,0,0,0,0,0,0,0]} 1. c4 {Yermolinsky,A} e5 2. Nc3 Bb4 3. Nd5 Bc5 4. e3 Nf6 5. b4 Be7 6. Nxe7 {A21: English Opening: 1...e5 2 Nc3} Qxe7 7. Bb2 O-O {LiveBook: 7 Games} 8. Ne2 $146 {White has an edge.} ({Predecessor:} 8. Nf3 d6 9. d3 b6 10. Be2 Bb7 11. O-O Nbd7 12. Nd2 h6 {0-1 (45) Caruana,F (2808)-Bacrot,E (2708) Paris 2017 CBM 179 [Yermolinsky,A]}) 8... d6 9. Ng3 c5 10. bxc5 dxc5 11. Be2 Nc6 12. O-O Bd7 13. f4 {[%cal Bf2f4,Bf4e5][%mdl 32]} Ne8 ({Black should play} 13... Rfe8 $14) 14. Bd3 (14. fxe5 $16 Nxe5 15. d4) 14... g6 15. Be4 Nd6 16. Bd5 Be6 17. Bxc6 bxc6 18. fxe5 ({Much worse is} 18. Bxe5 Nxc4 19. Bc3 Rad8 $11) 18... Nxc4 {[#]} 19. Bc3 $1 Rad8 {White must now prevent ...Nxe3!} 20. Qe1 Rd3 21. Ne4 Rfd8 22. Nf6+ (22. Rc1 $16) 22... Kg7 $1 $11 {The position is equal.} 23. Qh4 h6 24. Nh5+ Kf8 25. Nf6 {[%cal Rh4h6] [#]} Kg7 26. Nh5+ Kf8 27. Nf6 {Precision: White = 69%, Black = 52%.} 1/2-1/2

[Event "17th Aeroflot Open-A 2019"]
[Site "Moscow"]
[Date "2019.02.26"]
[Round "8.10"]
[White "Khismatullin, Denis"]
[Black "Fier, Alexandr"]
[Result "1-0"]
[WhiteElo "2621"]
[BlackElo "2561"]
[Annotator "TA"]
[PlyCount "65"]
[EventDate "2019.02.19"]
[EventCountry "RUS"]
[SourceTitle "playchess.com"]
[Source "ChessBase"]
[SourceQuality "1"]

{[%evp 9,65,6,28,0,-3,7,31,14,27,8,8,10,16,14,13,12,8,13,13,13,12,11,11,9,17,6,6,11,8,15,12,18,15,18,5,18,32,0,104,100,95,98,131,80,547,558,552,570,803,724,810,804,1109,1080,1098,1075,5418,5397]} 1. c4 c5 2. Nf3 Nc6 3. Nc3 e5 4. e3 Nf6 5. d4 e4 6. d5 {A34: Symmetrical English: 2 Nc3, lines with ...d5} exf3 7. dxc6 bxc6 8. e4 {White is slightly better.} Qc7 9. Qxf3 $146 ({Predecessor:} 9. gxf3 Bd6 10. Be3 O-O 11. Qd2 Re8 12. O-O-O Be5 13. Rg1 {1-0 (22) Aronian,L (2797)-Dominguez Perez,L (2726) Beijing 2014}) 9... Bd6 10. g3 Be5 11. Bg2 O-O 12. O-O Ba6 13. Qd3 Rab8 14. Rb1 Rb4 15. b3 {Threatening Ba3.} Bxc4 $1 16. bxc4 {[#] And now Rxb4 would win.} Bxc3 $1 17. Bf4 Be5 18. Bxe5 Qxe5 19. f4 Qe6 $1 20. e5 Ne8 21. Rbd1 Rb7 22. Qc3 $36 {[%mdl 2048] White fights for an advantage.} f5 23. Rb1 {[%mdl 1024] White has compensation.} Rc7 (23... Rxb1 $11 24. Rxb1 g5) 24. Rb8 $16 d6 25. Qa5 {Rxe8! is the strong threat.} Qf7 26. Re1 (26. exd6 $142 Nxd6 27. Rxf8+ Kxf8 28. Qxc5) 26... Re7 $2 {[%mdl 8192]} (26... dxe5 $16 27. Rxe5 (27. fxe5 Qe7 $14) 27... g6) 27. Bxc6 $18 {White is clearly winning.} Qxc4 28. Qd2 {Threatens to win with Bd5+.} Nc7 29. Rc1 Qa6 30. Bb7 Qa3 31. Rxf8+ Kxf8 32. exd6 Rd7 {[#]} 33. dxc7 $1 {[%mdl 512] Accuracy: White = 73%, Black = 46%.} 1-0

[Event "17th Aeroflot Open-A 2019"]
[Site "Moscow"]
[Date "2019.02.26"]
[Round "8.11"]
[White "Antipov, Mikhail Al."]
[Black "Fedoseev, Vladimir"]
[Result "1/2-1/2"]
[WhiteElo "2589"]
[BlackElo "2715"]
[Annotator "TA"]
[PlyCount "131"]
[EventDate "2019.02.19"]
[EventCountry "RUS"]
[SourceTitle "playchess.com"]
[Source "ChessBase"]
[SourceQuality "1"]

{[%evp 13,131,5,9,4,14,2,15,0,0,0,20,15,16,0,0,0,0,0,0,0,0,0,0,0,0,0,31,31,34,45,45,0,0,-12,-10,-16,0,-7,0,0,0,0,0,0,0,-25,0,-65,-62,-55,-52,-68,-68,-68,-68,-90,-81,-68,-2,-4,-2,-3,-5,-16,-15,-16,-16,-15,-14,-14,0,0,0,0,0,-5,-5,-8,-5,-8,-8,-67,-67,-68,-68,-68,-60,-68,-68,-68,-68,-68,-68,-68,0,-68,-68,-68,-68,-68,-68,-68,-68,-68,-68,-68,-68,-68,-68,-68,-68,-68,-68,-68,-8,-8,-8,-8,-8,-8]} 1. c4 e6 2. Nf3 Nf6 3. e3 b6 4. Be2 Bb7 5. b3 g6 6. Bb2 Bg7 7. O-O O-O 8. d4 {A15: English Opening: 1...Nf6} d5 9. Nc3 Nbd7 10. cxd5 exd5 11. b4 $146 ({Predecessor:} 11. a4 a5 12. Ba3 Re8 13. Nb5 Ne4 14. Nd2 Ndf6 15. Nxe4 Nxe4 16. Bd3 Re6 {0-1 (33) Caruana,F (2795)-Vachier Lagrave,M (2788) chess.com INT 2016}) 11... a6 12. a4 c6 13. b5 axb5 14. axb5 c5 15. Rxa8 Qxa8 16. Qb3 Re8 17. Ra1 Qb8 18. Bf1 c4 19. Qd1 Ng4 20. g3 f5 21. Bg2 Ngf6 22. Ba3 Ne4 23. Nxe4 fxe4 24. Nd2 Qc7 25. Bb4 h5 26. Nb1 Bf8 $36 {[%mdl 2048] Black is more active.} 27. Bxf8 Rxf8 28. Nc3 Nf6 29. Qe2 Qe7 30. f3 (30. Ra7 $11) 30... exf3 $15 31. Bxf3 Re8 32. Ra7 Qxe3+ 33. Qxe3 Rxe3 34. Kf2 Rxc3 35. Rxb7 $17 {[%mdl 4096] Endgame KRB-KRN} Rb3 (35... Rc2+ $15 36. Ke3 g5) 36. Rxb6 $11 Kf7 {Black wants to play ...g5.} 37. h3 Rd3 38. Rc6 Rxd4 39. b6 Rd2+ 40. Ke3 Rd3+ 41. Ke2 Rb3 42. g4 $1 hxg4 43. Bxg4 Ne4 44. Bf3 Nc3+ 45. Ke1 g5 46. Rh6 Rb2 47. h4 (47. Rd6 $11) 47... gxh4 $15 {[#] aiming for ...Kg7.} 48. b7 Kg7 49. Rxh4 Rxb7 (49... Kf6 {is interesting.} 50. Bxd5 Nxd5 51. Rxc4 Rxb7 52. Ke2 Ke5) 50. Bxd5 Nxd5 51. Rxc4 {KRN-KR} Rb2 52. Rd4 Nc3 53. Rd3 Re2+ 54. Kf1 Rc2 55. Rd6 Kf7 56. Ra6 Ke7 {[#] White must now prevent ...Nd5.} 57. Rg6 Nd5 58. Ra6 Nf4 59. Ke1 Ne6 {Threatens to win with ...Rh2.} 60. Kd1 Rh2 {Hoping for ...Kf6.} 61. Rc6 Nd4 62. Rc4 Nb3 {...Kd6 is the strong threat.} 63. Rc3 Rb2 (63... Rd2+ $15 64. Ke1 Rb2) 64. Re3+ $11 {The position is equal.} Kd6 {And now ...Nd4 would win.} 65. Re2 $1 {[%cal Re2b2]} Rxe2 66. Kxe2 {Accuracy: White = 53%, Black = 72%.} 1/2-1/2

[Event "17th Aeroflot Open-A 2019"]
[Site "Moscow"]
[Date "2019.02.26"]
[Round "8.12"]
[White "Dubov, Daniil"]
[Black "Nihal Sarin"]
[Result "1/2-1/2"]
[WhiteElo "2703"]
[BlackElo "2578"]
[Annotator "TA"]
[PlyCount "79"]
[EventDate "2019.02.19"]
[EventCountry "RUS"]
[SourceTitle "playchess.com"]
[Source "ChessBase"]
[SourceQuality "1"]

{[%evp 9,79,19,19,15,14,0,0,-13,4,4,4,4,10,16,13,1,10,0,20,16,11,0,0,0,10,10,10,10,21,10,14,0,17,20,8,8,39,0,0,0,14,0,22,0,0,0,0,0,0,0,0,0,0,0,0,0,0,0,0,0,0,0,0,0,0,0,0,0,0,0,0,0]} 1. e4 e5 2. Nf3 Nc6 3. Bb5 Nf6 4. d3 Bc5 5. O-O Nd4 6. Be3 {C65: Ruy Lopez: Berlin Defence (3...Nf6), unusual lines and 4 0-0 Bc5} (6. Nxd4 Bxd4 7. c3 Bb6 8. Ba4 O-O 9. Bg5 h6 10. Bh4 d6 11. Nd2 g5 12. Bg3 Bg4 13. Qe1 Nh5 14. Bd1 Bxd1 15. Qxd1 Nxg3 16. hxg3 {½-½ (47) Caruana,F (2828)-Robson,R (2667) chess.com INT 2019}) 6... c6 7. Nxd4 $146 ({Predecessor:} 7. Ba4 Nxf3+ 8. Qxf3 Be7 9. d4 d6 10. h3 O-O 11. Rd1 Qa5 12. Nc3 d5 13. Bb3 dxe4 14. Nxe4 exd4 15. Rxd4 {½-½ (38) Sutovsky,E (2689)-Bosiocic,M (2597) Austria 2018}) 7... exd4 8. Bg5 $1 h6 9. Bxf6 $1 Qxf6 10. Bc4 O-O 11. Nd2 d6 12. f4 Bb4 13. Rf2 Bxd2 (13... Bd7 {feels hotter.} 14. a3 Ba5 15. Qf3 Rae8 16. g3 Qg6) 14. Qxd2 a5 {[#] White must now prevent ...b5.} 15. a3 {[%cal Ba2a3,Ba3a4][%mdl 32]} b5 16. Ba2 Be6 17. Bxe6 Qxe6 18. a4 b4 19. Re1 Rae8 20. Qd1 c5 21. b3 f6 22. Qf3 Re7 23. g4 Rfe8 {The position is equal.} 24. Rfe2 g5 25. h3 Kg7 26. Kg2 d5 27. h4 dxe4 28. Rxe4 Qd7 29. fxg5 fxg5 30. h5 Rxe4 31. Rxe4 Rxe4 32. Qxe4 $11 {[%mdl 4096] Endgame KQ-KQ} Kf6 33. Kf3 {Hoping for Qg6+.} Qd6 34. Qf5+ Ke7 $1 35. Qe4+ Kf6 36. Qg6+ Ke7 {[#] And now ...Qxg6 would win.} 37. Qh7+ Ke8 38. Qe4+ Kf7 39. Kg2 Qe6 40. Qxe6+ {Accuracy: White = 63%, Black = 65%.} 1/2-1/2

[Event "17th Aeroflot Open-A 2019"]
[Site "Moscow"]
[Date "2019.02.26"]
[Round "8.13"]
[White "Yuffa, Daniil"]
[Black "Nabaty, Tamir"]
[Result "1-0"]
[WhiteElo "2578"]
[BlackElo "2688"]
[Annotator "TA"]
[PlyCount "113"]
[EventDate "2019.02.19"]
[EventCountry "RUS"]
[SourceTitle "playchess.com"]
[Source "ChessBase"]
[SourceQuality "1"]

{[%evp 35,113,2,11,17,23,25,44,35,29,31,45,26,16,39,89,16,30,0,0,0,0,0,0,0,0,0,0,0,0,0,0,0,167,159,317,304,227,246,262,256,253,207,202,199,433,422,617,492,479,473,920,832,951,897,1182,1142,1387,1176,29963,11216,29972,29974,29978,29979,29981,29982,29982,29983,29983,29984,29984,29985,29985,29986,29986,29987,29986,29987,29987,29988]} 1. d4 d5 2. c4 c6 3. Nf3 Nf6 4. Nc3 e6 5. Bg5 dxc4 6. e4 b5 7. e5 h6 8. Bh4 g5 9. Nxg5 hxg5 10. Bxg5 Nbd7 11. exf6 Bb7 12. g3 c5 13. d5 Qb6 14. Bg2 O-O-O 15. O-O b4 16. Rb1 Qa6 17. dxe6 Bxg2 18. e7 Bxf1 19. Kxf1 {[#] Hoping for Ne4. D44: Semi-Slav: Botvinnik System} (19. Qxf1 bxc3 20. bxc3 Bh6 21. Bxh6 Rxh6 22. Qg2 Rdh8 23. Qa8+ Kc7 24. e8=Q Rxe8 25. Qxe8 Rxf6 26. Qe4 Qc6 {0-1 (34) Lenic,L (2662)-Andreikin,D (2712) chess.com INT 2018}) 19... Bxe7 (19... bxc3 $2 20. bxc3 Bxe7 21. fxe7 $18) 20. fxe7 Rdg8 21. Ne4 {White is slightly better.} Rxg5 22. Nxg5 Re8 $1 23. Qd5 Rxe7 {aiming for ...c3+.} 24. Kg1 Kc7 25. h4 $146 (25. Rd1 $16) ({Predecessor:} 25. Rd1 f6 26. Nh3 Qc6 {½-½ (41) Hauff,A (2307)-Lupo,A (2280) ICCF email 2012}) 25... f6 26. Nh3 Qc6 $1 {[%cal Rc6d5]} ({Much weaker is} 26... Qxa2 $6 27. Rd1 $16) 27. Nf4 {Strongly threatening Rd1.} Ne5 28. Rd1 $36 {[%mdl 2048] White is pushing.} Kb7 29. h5 a5 30. a4 Rd7 31. Qxc6+ Kxc6 32. Rxd7 Kxd7 $11 {[%mdl 4096] Endgame KN-KN} 33. h6 Nf7 $2 {[#]} (33... c3 $1 $11 {and Black is okay.} 34. bxc3 b3) 34. h7 $18 b3 $2 (34... c3 $16 {keeps fighting.} 35. bxc3 b3) 35. Ne2 Ke6 36. Kf1 Kf5 37. Ke1 Kg6 38. Kd2 Kxh7 39. Kc3 Kg6 $2 (39... Nd6 40. Nf4 Kh6) 40. Kxc4 Kf5 (40... Ne5+ $142 41. Kxc5 (41. Kxb3 Kf5 $18) 41... Nd3+ 42. Kc4 Nxf2) 41. Kxc5 Ne5 42. Kd4 Nc6+ (42... Ng4 $142 43. Kc4 Nxf2 44. Nd4+ {[%mdl 64] Double Attack} (44. Kxb3 Nd3 $18) 44... Ke5 45. Nxb3 Nd1 46. Nxa5 Nxb2+ 47. Kb5 Nd3 48. Nc4+ Kd5) 43. Kd5 Nb4+ 44. Kc4 Ke4 45. Nc1 Kf3 46. Nxb3 Kxf2 47. Nxa5 Na6 48. b4 {[%cal Bb2b4,Bb4b5,Bb5b6,Bb6b7][%mdl 32] White mates.} Kxg3 49. b5 Nb8 50. Nc6 Nd7 51. a5 f5 52. b6 f4 53. Nd4 Kf2 54. b7 Nb8 55. Kb5 Ke3 56. Nf5+ Ke4 57. a6 {Accuracy: White = 81%, Black = 48%.} 1-0

[Event "17th Aeroflot Open-A 2019"]
[Site "Moscow"]
[Date "2019.02.26"]
[Round "8.14"]
[White "Sjugirov, Sanan"]
[Black "Xu, Yinglun"]
[Result "1-0"]
[WhiteElo "2663"]
[BlackElo "2512"]
[Annotator "TA"]
[PlyCount "65"]
[EventDate "2019.02.19"]
[EventCountry "RUS"]
[SourceTitle "playchess.com"]
[Source "ChessBase"]
[SourceQuality "1"]

{[%evp 13,65,19,20,13,17,0,20,13,12,8,8,27,22,0,14,21,27,9,29,20,48,10,39,37,71,7,0,0,4,0,27,20,268,273,275,275,260,272,264,264,315,305,327,335,325,312,314,298,483,462,1036,1019,1045,995]} 1. d4 d5 2. c4 e6 3. Nc3 Be7 4. Nf3 Nf6 5. Bf4 O-O 6. e3 b6 7. Rc1 Bb7 8. Be2 {D37: Queen's Gambit Declined: 5 Bf4} dxc4 9. Bxc4 Nbd7 10. O-O {The position is equal.} c5 11. Qe2 a6 12. a4 cxd4 13. exd4 Bb4 14. Rfd1 Re8 15. Ne5 Qe7 {[#]} 16. Bg5 $146 Qd6 17. Na2 h6 18. Bf4 {aiming for Nxd7.} Qe7 19. Rd3 ({White should play} 19. Nxb4 $16 Qxb4 20. b3) 19... Bd6 $11 20. Nc3 Nd5 21. Bd2 Nxc3 22. Rcxc3 f6 $2 {[#]} (22... Bb4 $11 {and Black has nothing to worry.}) 23. Bxh6 $1 {[%mdl 512]} Nxe5 (23... Bxe5 $6 24. dxe5 gxh6 25. Qh5 $16) (23... gxh6 24. Qg4+) 24. dxe5 Bxe5 {[#]} 25. Rg3 $1 {[%cal Rg3g7][%mdl 512]} Bxg3 26. Rxg3 Rad8 (26... g5 {[#]} 27. Bxg5 $1 {[%mdl 512]} fxg5 28. Qe5) 27. h4 ({Less strong is} 27. Rxg7+ Qxg7 28. Bxg7 Kxg7 $16) 27... Rd7 {Threatening ...Qd6.} 28. Bxg7 ({Much less strong is} 28. Rxg7+ Qxg7 29. Bxg7 Rxg7 $18) 28... Qxg7 29. Rxg7+ Rxg7 30. f3 ({Not} 30. Bxe6+ Kf8 $18) 30... a5 $2 (30... Kf7 31. Kf2 b5) 31. Qe3 $18 {White is clearly winning.} Ree7 (31... Rge7 $142 32. Qxb6 Kf7 33. Qxa5 Rh8) 32. Bxe6+ Kh7 33. Qd3+ {Accuracy: White = 83%, Black = 53%.} 1-0